Largest Countries by Number of Borders Quiz Stats

 Plays Quiz Updated Sep 24, 2018

Challenge
Share
Tweet
Embed
Score 0/36 Timer 07:00
0 Plays Today
Number of borders Country % Correct
No Land BordersAustralia
94.7%
2 Land BordersUnited States
94%
1 Land BorderCanada
93%
3 Land BordersMexico
85.7%
No Land BordersJapan
80.5%
1 Land BorderUnited Kingdom
80.1%
No Land BordersNew Zealand
77.3%
5 Land BordersArgentina
75.8%
No Land BordersMadagascar
70.4%
3 Land BordersChile
69.6%
3 Land BordersIndonesia
66.9%
1 Land BorderVatican City
63.8%
2 Land BordersSweden
61%
5 Land BordersPeru
58.6%
2 Land BordersMongolia
57.7%
1 Land BorderDenmark
56.1%
3 Land BordersSomalia
52.9%
5 Land BordersBolivia
52.5%
Number of borders Country % Correct
5 Land BordersColombia
52.5%
No Land BordersPhilippines
49.5%
1 Land BorderSouth Korea
47.7%
3 Land BordersVenezuela
46.4%
5 Land BordersKazakhstan
45.8%
4 Land BordersPakistan
45.6%
2 Land BordersLiechtenstein
36.5%
4 Land BordersNigeria
34.3%
3 Land BordersLuxembourg
33.5%
No Land BordersNauru
33.2%
1 Land BorderPapua New Guinea
32.6%
2 Land BordersEcuador
30.7%
4 Land BordersAngola
28.9%
4 Land BordersNamibia
24.5%
2 Land BordersYemen
23.8%
4 Land BordersMauritania
18.3%
4 Land BordersKosovo
11.9%
5 Land BordersMontenegro
10.1%

You're not logged in!

Compare scores with friends on all Sporcle quizzes.
OR
Log In

You Might Also Like...

Show Comments

Extras

Top Quizzes Today


Score Distribution

Your Account Isn't Verified!

In order to create a playlist on Sporcle, you need to verify the email address you used during registration. Go to your Sporcle Settings to finish the process.

Report this User

Report this user for behavior that violates our Community Guidelines.

Details: